Fruits - Statistics

General Stats
  • This quiz has been taken 13 times
  • The average score is 22 of 47
Answer Stats
Answer % Correct
Apples
89%
Grapes
89%
Lemons
89%
Limes
89%
Oranges
89%
Avocados
78%
Dates
78%
Pears
78%
Strawberries
78%
Tomatoes
78%
Bananas
67%
Blueberries
67%
Figs
67%
Kiwis
67%
Peaches
67%
Pineapples
67%
Plums
67%
Raspberries
67%
Watermelons
67%
Blackberries
56%
Cherries
56%
Cranberries
56%
Dragonfruit
56%
Grapefruit
56%
Honeydew
56%
Mangoes
56%
Apricots
44%
Cucumbers
44%
Lychee
44%
Starfruit
44%
Cantaloupe
33%
Durian
33%
Eggplants
33%
Guavas
33%
Gooseberries
22%
Olives
22%
Pumpkins
22%
Blackcurrants
11%
Okra
11%
Quinces
11%
Redcurrants
11%
Buddha's hand
0%
Doum
0%
Longan
0%
Pomegranites
0%
Prickly Pears
0%
Saskatoon berries
0%
No matching quizzes found
Score Distribution
Percent of People with Each Score
Percentile by Number Answered
Your Score History
You have not taken this quiz